रंग-प्रक्रिया के विविध आयाम / (Record no. 11937)

MARC details
000 -LEADER
fixed length control field 01214 a2200217 4500
005 - DATE AND TIME OF LATEST TRANSACTION
control field 20080827111132.0
008 - FIXED-LENGTH DATA ELEMENTS--GENERAL INFORMATION
fixed length control field 080827t xxu||||| |||| 00| 0 hin d
010 ## - LIBRARY OF CONGRESS CONTROL NUMBER
LC control number HIN-83234
020 ## - INTERNATIONAL STANDARD BOOK NUMBER
International Standard Book Number 9788183611497
Terms of availability 250.00
035 ## - SYSTEM CONTROL NUMBER
System control number HN-55580
037 ## - SOURCE OF ACQUISITION
Source of stock number/acquisition पु.प्र.अ.प्र/प्रका
082 ## - DEWEY DECIMAL CLASSIFICATION NUMBER
Classification number 792.022
245 ## - TITLE STATEMENT
Title रंग-प्रक्रिया के विविध आयाम /
Statement of responsibility, etc प्रेम सिंह एवं सुषमा आर्य द्वारा संपादित
246 ## - VARYING FORM OF TITLE
Title proper/short title Rang-Prakriya ke Vividh Aayam
Remainder of title Ed by Prem Singh, Sushma Arya
260 ## - PUBLICATION, DISTRIBUTION, ETC. (IMPRINT)
Place of publication, distribution, etc नई दिल्ली
Name of publisher, distributor, etc राधाकृष्ण प्रकाशन
Date of publication, distribution, etc 2007
270 ## - ADDRESS
Address 7/31, अंसारी रोड, दरियागंज
City नई दिल्ली
Postal code 110002
300 ## - PHYSICAL DESCRIPTION
Extent 204पृ
Dimensions 22 सेमी (सजिल्द)
700 ## - ADDED ENTRY--PERSONAL NAME
Personal name आर्य, सुषमा
942 ## - ADDED ENTRY ELEMENTS (KOHA)
Koha item type Hindi Books
Call number prefix 792.022 / रंगप्र
Institution code [OBSOLETE] dpl
Source of classification or shelving scheme Dewey Decimal Classification
Classification part 792.022
Call number suffix रंगप्र
Holdings
Withdrawn status Lost status Damaged status Not for loan Home library Current library Date acquired Cost, normal purchase price Total Checkouts Full call number Barcode Date last seen Copy number Uniform Resource Identifier Cost, replacement price Price effective from Koha item type
        D.B.Act.Division D.B.Act.Division   250.00   792.022 रंगप्र HN-55580 15/09/2008 1 13055 250.00 15/09/2008 Hindi Books

© Delhi Public Library
Hit Counter
free hit counter